ბათუმის შოთა რუსთაველის სახელმწიფო უნივერსიტეტის ბიბლიოთეკა

სტომატოლოგიური დაავადებების სამკურნალო ფარმაკოლოგიური პრეპარატები (ბიბ.ჩანაწერი № 34529)

000 -LEADER
fixed length control field 00984nam a2200229Ia 4500
001 - CONTROL NUMBER
control field 279
003 - CONTROL NUMBER IDENTIFIER
control field GE_BSU
008 - FIXED-LENGTH DATA ELEMENTS--GENERAL INFORMATION
fixed length control field 181216s||||||||xx |||||||||||||| ||und||
040 ## - CATALOGING SOURCE
Transcribing agency GE_BSU
080 ## - UNIVERSAL DECIMAL CLASSIFICATION NUMBER
Universal Decimal Classification number 616.31(075.8)(035)
100 ## - MAIN ENTRY--PERSONAL NAME
Personal name თურმანაულ, გივი
245 ## - TITLE STATEMENT
Title სტომატოლოგიური დაავადებების სამკურნალო ფარმაკოლოგიური პრეპარატები
245 ## - TITLE STATEMENT
Remainder of title ექიმი–სტომატოლოგის ცნობარი
260 ## - PUBLICATION, DISTRIBUTION, ETC.
Place of publication, distribution, etc. თბილისი
260 ## - PUBLICATION, DISTRIBUTION, ETC.
Name of publisher, distributor, etc. ციც ნამი
260 ## - PUBLICATION, DISTRIBUTION, ETC.
Date of publication, distribution, etc. 2005
300 ## - PHYSICAL DESCRIPTION
Extent 177გვ.
653 ## - INDEX TERM--UNCONTROLLED
Uncontrolled term სტომატოლოგია
653 ## - INDEX TERM--UNCONTROLLED
Uncontrolled term სტომატოლოგიური დაავადებების სამკურნალო ფარმაკოლოგიური პრეპარატები
942 ## - ADDED ENTRY ELEMENTS (KOHA)
Koha item type წიგნი
ეგზემპლარები
Withdrawn status Lost status Damaged status Not for loan Date acquired Barcode Date last seen Price effective from Koha item type Public note
        2018-12-17 2246 2018-12-17 2018-12-17 წიგნი საცავი
        2018-12-17 2248 2018-12-17 2018-12-17 წიგნი საცავი
        2018-12-17 2249 2018-12-17 2018-12-17 წიგნი საცავი
        2018-12-17 2250 2018-12-17 2018-12-17 წიგნი საცავი
        2018-12-17 2251 2018-12-17 2018-12-17 წიგნი საცავი
        2018-12-17 2252 2018-12-17 2018-12-17 წიგნი საცავი
        2018-12-17 2253 2018-12-17 2018-12-17 წიგნი საცავი
        2018-12-17 2254 2018-12-17 2018-12-17 წიგნი საცაავი
        2018-12-17 2255 2018-12-17 2018-12-17 წიგნი საცავი
        2018-12-17 2247 2018-12-17 2018-12-17 წიგნი დარბაზი